[Event "London Classic op 4th"]
[Site "London"]
[Date "2012.12.06"]
[Round "6"]
[White "Steevensz, Carel"]
[Black "Baterdene, Tsogbayar"]
[Result "1/2-1/2"]
[WhiteElo "2096"]
[BlackElo "1673"]
[PlyCount "84"]
[EventDate "2012.12.01"]
[EventType "swiss"]
[EventRounds "9"]
[EventCountry "ENG"]
[SourceTitle "CBM 151 Extra"]
[Source "ChessBase"]
[SourceDate "2012.12.18"]
[SourceVersion "1"]
[SourceVersionDate "2012.12.18"]
[SourceQuality "1"]

1. d4 d5 2. Nf3 Nf6 3. e3 c6 4. c4 e6 5. b3 Ne4 6. Bd3 Bb4+ 7. Nbd2 Bc3 8. Rb1 Ba5 9. Qc2 f5 10. 0-0 0-0 11. Ne5 Nd7 12. f3 Nef6 13. Ba3 Re8 14. Bb2 Bb6 15. Kh1 Nh5 16. c5 Bc7 17. g4 Nhf6 18. g5 Nxe5 19. dxe5 Nd7 20. f4 Nf8 21. Nf3 Rb8 22. Nd4 Ng6 23. Qe2 Bd7 24. b4 b6 25. b5 bxc5 26. bxc6 Bc8 27. Nb5 c4 28. Bxc4 dxc4 29. Rfd1 Qe7 30. Qxc4 Ba6 31. a4 Bxb5 32. axb5 Bb6 33. Bd4 Rbd8 34. Bxb6 axb6 35. c7 Rxd1+ 36. Rxd1 Rc8 37. Rd8+ Rxd8 38. cxd8Q+ Qxd8 39. Qxe6+ Kh8 40. Kg1 Qd1+ 41. Kf2 Qd2+ 42. Kf1 Qd1+ 1/2-1/2

[Event "London Classic op 4th"]
[Site "London"]
[Date "2012.12.01"]
[Round "1"]
[White "Rowson, Jonathan"]
[Black "Steevensz, Carel"]
[Result "1-0"]
[WhiteElo "2586"]
[BlackElo "2096"]
[PlyCount "33"]
[EventDate "2012.12.01"]
[EventType "swiss"]
[EventRounds "9"]
[EventCountry "ENG"]
[SourceTitle "CBM 151 Extra"]
[Source "ChessBase"]
[SourceDate "2012.12.18"]
[SourceVersion "1"]
[SourceVersionDate "2012.12.18"]
[SourceQuality "1"]

1. d4 Nf6 2. c4 g6 3. Nc3 Bg7 4. e4 0-0 5. f3 d6 6. Nge2 e5 7. Be3 c6 8. Qd2 a6 9. 0-0-0 Nbd7 10. Kb1 b5 11. Nc1 Qc7 12. dxe5 dxe5 13. Nb3 Re8 14. Qd6 Qxd6 15. Rxd6 Bf8 16. Rxc6 Nb8 17. Rxf6 1-0